| 000 -LEADER |
| fixed length control field |
00508cam a22001577a 4500 |
| 008 - FIXED-LENGTH DATA ELEMENTS--GENERAL INFORMATION |
| fixed length control field |
180718b1992 xxu||||| |||| 00| 0 eng d |
| 082 ## - DEWEY DECIMAL CLASSIFICATION NUMBER |
| Classification number |
F5x54151 B469 |
| 100 ## - MAIN ENTRY--PERSONAL NAME |
| Personal name |
Bhadra, Madhumita |
| 245 ## - TITLE STATEMENT |
| Title |
Sikkim: democracy and social change |
| Statement of responsibility, etc. |
by Madhumita Bhadra |
| 260 ## - PUBLICATION, DISTRIBUTION, ETC. |
| Place of publication, distribution, etc. |
Calcutta |
| Name of publisher, distributor, etc. |
Minerva |
| Date of publication, distribution, etc. |
1992 |
| 300 ## - PHYSICAL DESCRIPTION |
| Extent |
168p. |
| 650 ## - SUBJECT ADDED ENTRY--TOPICAL TERM |
| Topical term or geographic name entry element |
Sikkim (India) --Economic conditions |
| 650 ## - SUBJECT ADDED ENTRY--TOPICAL TERM |
| Topical term or geographic name entry element |
Sikkim (India) --Politics and government |
| 650 ## - SUBJECT ADDED ENTRY--TOPICAL TERM |
| Topical term or geographic name entry element |
Social change --India --Sikkim |
| 650 ## - SUBJECT ADDED ENTRY--TOPICAL TERM |
| Topical term or geographic name entry element |
Democracy --India --Sikkim |